MCQs In Economics for CA Common Proficiency Test. (Record no. 349913)

000 -LEADER
fixed length control field 00600nam a22002297a 4500
003 - CONTROL NUMBER IDENTIFIER
control field OSt
005 - DATE AND TIME OF LATEST TRANSACTION
control field 20180116183002.0
008 - FIXED-LENGTH DATA ELEMENTS--GENERAL INFORMATION
fixed length control field 150414b xxu||||| |||| 00| 0 eng d
020 ## - INTERNATIONAL STANDARD BOOK NUMBER
International Standard Book Number 9780070264342
022 ## - INTERNATIONAL STANDARD SERIAL NUMBER
International Standard Serial Number 9780070264342
040 ## - CATALOGING SOURCE
Transcribing agency 0
050 ## - LIBRARY OF CONGRESS CALL NUMBER
Classification number 330
082 ## - DEWEY DECIMAL CLASSIFICATION NUMBER
Classification number 330
100 ## - MAIN ENTRY--PERSONAL NAME
Personal name Dr.Deepashree
245 ## - TITLE STATEMENT
Title MCQs In Economics for CA Common Proficiency Test.
Statement of responsibility, etc. Dr.Deepashree
260 ## - PUBLICATION, DISTRIBUTION, ETC.
Place of publication, distribution, etc. New Delhi
Name of publisher, distributor, etc. Tata McGraw-Hill Publishing Company Limited.
Date of publication, distribution, etc. 2009
300 ## - PHYSICAL DESCRIPTION
Extent 27p.
500 ## - GENERAL NOTE
General note Paper Cover
600 ## - SUBJECT ADDED ENTRY--PERSONAL NAME
Personal name Dr.Deepashree
700 ## - ADDED ENTRY--PERSONAL NAME
Personal name Dr.Deepashree
942 ## - ADDED ENTRY ELEMENTS (KOHA)
Source of classification or shelving scheme
Koha item type Book
Call number prefix 330
Holdings
Withdrawn status Lost status Source of classification or shelving scheme Damaged status Not for loan Collection code Permanent Location Current Location Shelving location Date acquired Total Checkouts Full call number Barcode Date last seen Date last checked out Price effective from Koha item type
            Central Library (CL) Central Library (CL) General Stacks 04/14/2015 4 330 DEE NBS8509 03/07/2023 02/21/2023 04/14/2015 Book
© 2023 Central Library, National University of Sciences and Technology. All Rights Reserved.